|
|
|
|
| LEADER |
00000nas a22000001a 4500 |
| 001 |
vtls010302345 |
| 003 |
SK-MaSNL |
| 005 |
20260228161810.0 |
| 008 |
110810d19571960xo mr p r 0 b0slo |
| 015 |
|
|
|a SNBDS17XX9999
|
| 015 |
|
|
|a 1611
|2 Balúnová 1945-60
|
| 038 |
|
|
|a SNKBUDS
|
| 040 |
|
|
|a SNK
|b slo
|c SNK
|e AACR2
|
| 041 |
0 |
|
|a slo
|
| 044 |
|
|
|a xo
|c SK
|
| 080 |
|
|
|a 311.312
|2 2001
|
| 245 |
0 |
0 |
|a Štatistické zprávy
|b Slovenského štatistického úradu
|
| 260 |
|
|
|a Bratislava
|b Slovenský štatistický úrad
|c 1957-1960
|
| 300 |
|
|
|a 4 roč.
|c 24 x 17 cm
|
| 310 |
|
|
|a 1x mesačne
|
| 362 |
0 |
|
|a Roč. [II.], č. 1 (1957)-roč. V, č. 6 (1960)
|
| 500 |
|
|
|a Vych. v Bratislave mesačne
|
| 500 |
|
|
|a Red. red. rada. Ved. red. V. Batík, od 1/1959 Ľ. Kriška, od 11/1959 J. Chudík
|
| 500 |
|
|
|a Vyd. Slovenský štatistický úrad v Bratislave
|
| 500 |
|
|
|a Tlač. Polygrafické závody, n. p., záv. 2 v Bratislave
|
| 500 |
|
|
|a Čas. bez dátumu, prvé tri ročníky bez číslovania ročníkov. V sept. 1960 prestal vych. v dôsledku zrušenia Slov. štatistického úradu
|
| 505 |
8 |
0 |
|g Roč. 1957 4 č. po 24 s.
|
| 505 |
8 |
0 |
|g Roč. 1958 12 č. po 24-36 s.
|
| 505 |
8 |
0 |
|g Roč. 1959 12 č. po 24 s.
|
| 505 |
8 |
0 |
|g Roč. V. 1960 6 č. po 24-36 s.
|
| 580 |
|
|
|a Pokračoval ako celoštátny čas. Statistické zprávy
|
| 610 |
2 |
7 |
|a Slovenský štatistický úrad (Bratislava)
|x časopisy
|2 SNKBUDS
|9 269589
|
| 650 |
0 |
7 |
|a štatistika
|2 SNKPH
|9 778
|
| 655 |
|
7 |
|a odborné časopisy
|2 SNKBUDS
|9 70505
|
| 700 |
1 |
|
|a Batík, V.
|4 pbd
|9 269590
|
| 700 |
1 |
|
|a Kriška, Ľ.
|4 pbd
|9 269591
|
| 700 |
1 |
|
|a Chudík, J.
|4 pbd
|9 268807
|
| 710 |
2 |
|
|a Slovenský štatistický úrad
|9 32445
|
| 710 |
2 |
|
|a Polygrafické závody (Bratislava, Slovensko)
|9 157291
|
| 785 |
0 |
0 |
|t Statistické zprávy
|
| 852 |
|
|
|a SNK
|b 10000
|h ČSC 729
|
| 852 |
|
|
|a UKB
|b 300000
|h SD 7904
|
| 852 |
|
|
|a SVKKK
|b 900000
|h B 1878
|
| 852 |
|
|
|a UKB
|b 300000
|h 20 D 5247
|
| 999 |
|
|
|c 6067
|d 7997
|